| 000 | 00384nam a2200145Ia 4500 | ||
|---|---|---|---|
| 008 | 240624s9999 xx 000 0 und d | ||
| 041 | _aeng | ||
| 082 | _a370.7 MER | ||
| 100 | _aMERTLER CRAIG A | ||
| 245 | _aACTION RESEARCH TEACHERS AS RESEARCHERS | ||
| 250 | _a(2nd ed.) | ||
| 260 |
_c2009 _aNew Delhi _bSage Publications |
||
| 300 | _axxii, : 265 : p. : cm. ; 23 | ||
| 365 |
_c _b30 |
||
| 999 |
_c12925 _d12925 |
||